Cryptocurrencies Codes - Statistics

General Stats
  • This quiz has been taken 48 times
  • The average score is 12 of 18
Answer Stats
Cryptocurrency Code % Correct
Bitcoin BTC
95%
Ethereum ETH
95%
Solana SOL
83%
Dogecoin DOGE
81%
Litecoin LTC
79%
USD Coin USDC
74%
Binance Coin BNB
71%
Polkadot DOT
69%
Cardano ADA
67%
Bitcoin Gold BTG
62%
Chainlink LINK
62%
Tether USDT
60%
Bitcoin Cash BCH
57%
Tron TRX
52%
Dash DASH
50%
Axie Infinity AXS
48%
Chiliz CHZ
48%
Stellar Lumens XLM
45%
No matching quizzes found
Score Distribution
Percent of People with Each Score
Percentile by Number Answered
Your Score History
You have not taken this quiz